000 00213nam a22000857a 4500
008 160624b xxu||||| |||| 00| 0 eng d
100 _91084
_aMelville, H
245 _aMoby Dick
260 _aN.Y
_bNew American Library
_c1961
999 _c870
_d870